| 000 | 00872cam a2200253 a 4500 | ||
|---|---|---|---|
| 001 | vtls003217462 | ||
| 003 | MY-SjTCS | ||
| 005 | 20200226113810.0 | ||
| 008 | 110813s2011 si 001 0 eng d | ||
| 020 | _a9789814329323 (hbk.) | ||
| 039 | 9 |
_a201108271517 _bsusan _c201108131037 _dazizee _y201105271017 _zmalathy |
|
| 082 | 0 | 4 |
_a333.9516 _bSWA 2011 |
| 100 | 1 |
_aSwaminathan, Monkombu Sambasivan. _955067 |
|
| 245 | 1 | 0 |
_aIn search of biohappiness : _bbiodiversity and food, health and livelihood security / _cM S Swaminathan. |
| 260 |
_aSingapore ; _aHackensack, N.J. : _bWorld Scientific, _cc2011. |
||
| 300 |
_axiv, 170 p. ; _c24 cm. |
||
| 500 | _aIncludes index. | ||
| 650 | 0 | _aBiodiversity conservation. | |
| 650 | 0 | _aBiodiversity. | |
| 650 | 0 |
_aFood security. _947021 |
|
| 650 | 0 | _aFood supply. | |
| 650 | 0 | _aSustainable agriculture. | |
| 920 | _aGENLS : 163619 | ||
| 999 | _c121913 | ||